Sono felice. Sr. M. Teresa Congiu F.S.P. (Record n. 104316)

Dettagli MARC
000 -LEADER
fixed length control field 00927nam a22001817a 4500
003 - CONTROL NUMBER IDENTIFIER
control field IT-RoPau
005 - DATE AND TIME OF LATEST TRANSACTION
control field 20220918181220.0
008 - FIXED-LENGTH DATA ELEMENTS--GENERAL INFORMATION
fixed length control field 140407b xxu||||| |||| 00| 0 eng d
040 ## - CATALOGING SOURCE
Transcribing agency IT-RoPau
100 ## - MAIN ENTRY--PERSONAL NAME
Personal name Calabresi, M. C.
9 (RLIN) 19209
245 ## - TITLE STATEMENT
Title Sono felice. Sr. M. Teresa Congiu F.S.P.
250 ## - EDITION STATEMENT
Edition statement 1° ed
260 ## - PUBLICATION, DISTRIBUTION, ETC. (IMPRINT)
Place of publication, distribution, etc. Alba
Name of publisher, distributor, etc. FSP
Date of publication, distribution, etc. 1964
300 ## - PHYSICAL DESCRIPTION
Extent 189. pp.
Dimensions 19,5 cm
490 ## - SERIES STATEMENT
Series statement Edizioni Paoline - FSP
520 ## - SUMMARY, ETC.
Summary, etc. Indice<br/><br/>Introduzione<br/>Capitolo I - Tenore di vita di una piccola sposa<br/>Capitolo II - Nuragus<br/>Capitolo III - Come una fuggitiva<br/>Capitolo IV - Una nuova vita<br/>Capitolo V - Suor Maria Teresa<br/>Capitolo VI - Propagandista<br/>Capitolo VII - Una sosta<br/>Capitolo VIII - L'anno d'oro<br/>Capitolo IX - Mistica Consumazione<br/>Capitolo X - Verso l'unione trasformante<br/>Capitolo XI - Ricordando S. Maria Teresa<br/>Parla il suo Direttore<br/>La fede<br/>Speranza<br/>Carità verso Dio<br/>Giustizia<br/>Fortezza<br/>Temperanza<br/><br/>
942 ## - ADDED ENTRY ELEMENTS (KOHA)
Source of classification or shelving scheme Dewey Decimal Classification
Koha item type LIBRO
Dati di copia
Withdrawn status Lost status Source of classification or shelving scheme Damaged status Not for loan Home library Current library Date acquired Total Checkouts Full call number Date last seen Price effective from Koha item type
    Dewey Decimal Classification Buone Condizioni Not For Loan PAULUS-BIBLIOTECA PAULUS-BIBLIOTECA 07/04/2014   P D4 07/04/2014 07/04/2014 LIBRO
CREDITS: SOCIETA' SAN PAOLO Via A.Severo, 58 - ROMA (RM) & PERIODICI SAN PAOLO SRL Via Giotto, 36 MILANO & CISF Via Giotto, 36 MILANO & EDIZIONI SAN PAOLO SRL,  Piazza Soncino, 5 CINISELLO BALSAMO (MI) -- ITALY